000 01298nam a2200337 i 4500
003 EG-GICUC
005 20260121101400.0
008 251129s2006 ua ||||fr|||| 00| 0 ara d
017 _a2006/1964
020 _a9772417367
040 _a EG-GICUC
_bara
_c EG-GICUC
_d EG-GICUC
_erda
041 0 _aara
082 0 4 _221
_a343.652
_bع ا . أ
092 0 4 _221
099 _aLaw1 10 343.652 ع ا . أ 2006
100 0 _aعادل عبد الجواد محمد الكردوسي
_eمؤلف.
245 1 2 _aالإجرام المنظم :
_bدراسة لشبكات البغاء شبكات /
_cالدكتور عادل عبد الجواد محمد الكردوسي ؛ أحمد على المجدوب .
264 1 _aالقاهرة :
_bمكتبة الأداب،
_c2006.
300 _a278 صفحة ؛
_c24 سم.
336 _2rda content
_atext
337 _2rda media
_aComputer
338 _2rda carrier
_aOnline Resource
504 _a. 268-275 ببليوجرافيا: صفحات
546 _aالنص باللغة العربية
650 1 4 _aالإجرام المنظم
650 1 4 _aالقانون الجنائي
700 _aأحمد على المجدوب
_eمقدم.
856 4 0 _uhttps://fll.law.cu.edu.eg/fulltext/bks/B10-06840.pdf
905 _a77
_eHassnaa
942 _2ddc
_cBK
_e21
_n0
999 _c46955
_d46955